<?xml version="1.0" encoding="UTF-8"?>
<marc:record xmlns:marc="http://www.loc.gov/MARC21/slim">
   <marc:leader>00000nam a2200000 a 4500</marc:leader>
   <marc:datafield ind1="1" ind2=" " tag="100">
      <marc:subfield code="a">Buck, Dieter</marc:subfield>
      <marc:subfield code="4">aut</marc:subfield>
      <marc:subfield code="e">Verfasser/-in</marc:subfield>
   </marc:datafield>
   <marc:datafield ind1=" " ind2=" " tag="653">
      <marc:subfield code="a">Wandern</marc:subfield>
   </marc:datafield>
   <marc:datafield ind1=" " ind2=" " tag="653">
      <marc:subfield code="a">Softcover / Reiseführer/Sportreisen</marc:subfield>
   </marc:datafield>
   <marc:datafield ind1=" " ind2=" " tag="653">
      <marc:subfield code="a">Aktivreisen/Europa</marc:subfield>
   </marc:datafield>
   <marc:datafield ind1=" " ind2=" " tag="653">
      <marc:subfield code="a">Führer</marc:subfield>
   </marc:datafield>
   <marc:datafield ind1="0" ind2="0" tag="245">
      <marc:subfield code="a">Genusswandern in Kärnten</marc:subfield>
   </marc:datafield>
   <marc:datafield ind1="0" ind2="0" tag="245">
      <marc:subfield code="b">50 einfache bis mittelschwere Touren</marc:subfield>
   </marc:datafield>
   <marc:datafield ind1="0" ind2="0" tag="245">
      <marc:subfield code="c">Dieter Buck</marc:subfield>
   </marc:datafield>
   <marc:datafield ind1=" " ind2="1" tag="264">
      <marc:subfield code="a">Wien</marc:subfield>
      <marc:subfield code="b">Styria Regional Carinthia</marc:subfield>
      <marc:subfield code="c">2015</marc:subfield>
   </marc:datafield>
   <marc:datafield ind1="1" ind2=" " tag="520">
      <marc:subfield code="a">Angaben aus der Verlagsmeldung

Genusswandern in Kärnten : 50 einfache bis mittelschwere Touren. Mit Routenskizzen / von Dieter Buck

Kärnten ist Wanderland. Die landschaftliche Vielfalt reicht vom höchsten Berg Österreichs, dem Großglockner, über die sanfteren Nockberge bis hin zu den malerischen Seen Unterkärntens. Dieter Buck beschreibt in diesem schön bebilderten Band sorgfältig ausgewählte Touren unter dem Motto: Wandern mit Genuss, mit Zeit zum Schauen und Erholen, zum Staunen und Spielen. Die Wanderrouten führen durch ganz Kärnten, hin zu Seen und Wasserfällen, zu Burgruinen, durch flache Landstriche und natürlich auf die Berge. Die durchwegs gut begehbaren und familiengerechten Wegverläufe bieten auch Kindern Abwechslung und Erlebnis. Die einfachen bis mittelschweren Touren dauern 1 bis 4 Stunden. So macht Wandern Freude!
</marc:subfield>
   </marc:datafield>
   <marc:datafield ind1=" " ind2=" " tag="020">
      <marc:subfield code="a">9783701201976</marc:subfield>
      <marc:subfield code="9">9783701201976</marc:subfield>
   </marc:datafield>
   <marc:datafield ind1=" " ind2=" " tag="020">
      <marc:subfield code="a">3701201978</marc:subfield>
      <marc:subfield code="9">3701201978</marc:subfield>
   </marc:datafield>
   <marc:datafield ind1=" " ind2=" " tag="041">
      <marc:subfield code="a">ger</marc:subfield>
   </marc:datafield>
   <marc:datafield ind1=" " ind2=" " tag="300">
      <marc:subfield code="a">167 S.</marc:subfield>
   </marc:datafield>
</marc:record>
